| 000 | 00874pam a2200265 a 4500 | ||
|---|---|---|---|
| 008 | |||
| 020 | _a0412005018 (hbk.) | ||
| 049 | _aMAIN | ||
| 090 | _aREF TS9 | ||
| 100 | 1 | _aTver, David F. | |
| 245 | 1 | 0 |
_aEncyclopedic dictionary of industrial technology : _bmaterials, processes, and equipment / _cDavid F. Tver, Roger W. Bolz. |
| 260 |
_aNew York : _bChapman and Hall, _c1984. |
||
| 300 |
_a353 p. : _bill. ; _c25 cm. |
||
| 504 | _aBibliography: p. [349]-353. | ||
| 650 | 0 |
_aManufacturing processes _xDictionaries. |
|
| 650 | 0 |
_aMaterials _xDictionaries. |
|
| 650 | 0 |
_aIndustrial equipment _xDictionaries. |
|
| 653 | _aManufacture - Encyclopaedias | ||
| 700 | 1 | _aBolz, Roger William. | |
| 907 |
_a.b10072822 _b23-01-07 _c17-04-03 |
||
| 003 | |||
| 005 | 20230120191409.0 | ||
| 040 | _cNUST | ||
| 942 |
_cBOOKS _kREF TS9 |
||
| 999 |
_c100397 _d100397 |
||